000 00553nam a2200169Ia 4500
008 240729s9999 xx 000 0 und d
022 _a1847-9804
245 0 _aNanomaterials and Nanotechnology
260 _aUnited Kingdom
260 _bHindawi - SAGE Publishing
650 _a Electrical engineering. Electronics. Nuclear engineering
650 _a Materials of engineering and construction. Mechanics of materials
650 _aTechnology
856 _uhttps://doaj.org/toc/49a4cad3a9ea4e50a5975004cb10b653
942 _2ddc
942 _cDOAJEJ
999 _c73393
_d73393
945 _a1
_bMadushi Gamage
_c1
_dMadushi Gamage